Statistics for Uncommon boys names

Click here to take the quiz!

General Stats

  • This quiz has been taken 7 times
  • The average score is 11 of 51

Answer Stats

BOYS NAMES% Correct
ZACH
71%
MAX
57%
XANDER
57%
XAVIER
57%
JESSE
43%
MORGAN
43%
PETER
43%
SONNY
43%
AIDEN
29%
ARLO
29%
CAMERON
29%
CHASE
29%
CHRISTIAN
29%
COLBY
29%
COLE
29%
DANTE
29%
GAVIN
29%
JASON
29%
JASPER
29%
JEREMY
29%
JORDAN
29%
WALKER
29%
ATLAS
14%
BRYCE
14%
CASEY
14%
FORREST
14%
HARLEY
14%
JACOB
14%
JAXSON
14%
LEONDRE
14%
LOUIS
14%
MERLYN
14%
NICHOLAS
14%
RALPH
14%
RIVER
14%
ROCCO
14%
RYKER
14%
TITAS
14%
TRISTAN
14%
ACE
0%
ASHER
0%
CARSON
0%
DAMEON
0%
IANTO
0%
MATIAS
0%
MONTY
0%
NOAH
0%
PHOENIX
0%
RINGO
0%
SILAS
0%
VINCENT
0%

Score Distribution

Percentile by Number Answered

Percent of People with Each Score

Your Score History

You have not taken this quiz